Participación del elemento religioso en la formación de la nacionalidad española : (Record no. 43791)
[ view plain ]
| 000 -LEADER | |
|---|---|
| campo de control de longitud fija | 00861nam a2200193 i 4500 |
| 001 - NÚMERO DE CONTROL | |
| campo de control | 43791 |
| 003 - IDENTIFICADOR DE NÚMERO DE CONTROL | |
| campo de control | ES-MaACL |
| 005 - FECHA Y HORA DE LA ÚLTIMA TRANSACCIÓN | |
| campo de control | 20230906160856.0 |
| 007 - CAMPO FIJO DE DESCRIPCIÓN FÍSICA--INFORMACIÓN GENERAL | |
| campo de control de longitud fija | t| |
| 008 - DATOS DE LONGITUD FIJA--INFORMACIÓN GENERAL | |
| campo de control de longitud fija | 030318s1891 sp |||| | spa d |
| 100 1# - ENTRADA PRINCIPAL--NOMBRE DE PERSONA | |
| Nombre de persona | Cervino, Marcelo. |
| 9 (RLIN) | 37662 |
| 245 10 - MENCIÓN DEL TÍTULO | |
| Título | Participación del elemento religioso en la formación de la nacionalidad española : |
| Resto del título | memoria leída en la Sección de Ciencias Históricas del Ateneo por el secretario primero de la misma el día 17 de noviembre de 1890 / |
| Mención de responsabilidad, etc. | por Marcelo Cervino. |
| 260 ## - PUBLICACIÓN, DISTRIBUCIÓN, ETC. | |
| Lugar de publicación, distribución, etc. | Madrid : |
| Nombre del editor, distribuidor, etc. | [s.n.], |
| Fecha de publicación, distribución, etc. | 1891 ( |
| Fabricante | Est. Tip. de Ricardo Fe) |
| 300 ## - DESCRIPCIÓN FÍSICA | |
| Extensión | 62 p. ; |
| Dimensiones | 24 cm. |
| 610 24 - PUNTO DE ACCESO ADICIONAL DE MATERIA--NOMBRE DE ENTIDAD CORPORATIVA | |
| Nombre de entidad corporativa o nombre de jurisdicción como elemento de entrada | Ateneo de Madrid. |
| Unidad subordinada | Sección de Ciencias Históricas- |
| Subdivisión de forma | Memorias. |
| 9 (RLIN) | 1982 |
| 650 #4 - PUNTO DE ACCESO ADICIONAL DE MATERIA--TÉRMINO DE MATERIA | |
| Término de materia o nombre geográfico como elemento de entrada | Nacionalismo- |
| Subdivisión general | Aspectos religiosos. |
| 9 (RLIN) | 166446 |
| 710 2# - ENTRADA AGREGADA--NOMBRE DE ENTIDAD CORPORATIVA | |
| Nombre de entidad corporativa o nombre de jurisdicción como elemento de entrada | Ateneo de Madrid. |
| 9 (RLIN) | 1875 |
| 852 4# - LOCALIZACIÓN | |
| Ubicación | ES-MaACL |
| Número de control de estantería | T-534-F-8 |
| Nota libre | - Dedicatoria autógrafa del autor |
| Estatus retirado | Estado de pérdida | Fuente del sistema de clasificación o colocación | Estado de daño | No para préstamo | Colección | Biblioteca de origen | Biblioteca actual | Ubicación en estantería | Fecha de adquisición | Total de préstamos | Signatura topográfica completa | Código de barras | Visto por última vez | Precio de reemplazo | Tipo de ítem Koha | Nota pública |
|---|---|---|---|---|---|---|---|---|---|---|---|---|---|---|---|---|
| Clasificación decimal universal | Colección de folletos | Biblioteca del Ateneo de Madrid | Biblioteca del Ateneo de Madrid | Depósito folletos | 17/01/2008 | T-534-F-8 | 1046095 | 23/02/2023 | 23/02/2023 | Folleto | Dedicatoria autógrafa del autor |
